000
00261nam a2200097Ia 4500
082
_a
T 920.02 SWAI
245
0
_a
Stories of courage
100
_a
Swain, Clare Harlow, Essex, 2004
_9
96488
942
_c
BK
008
210817s9999 xx 000 0 und d
999
_c
405489
_d
405488